Educación moral: aprender a ser, aprender a convivir

Uloženo v:
Podrobná bibliografie
Hlavní autor: Ruiz Corbella, Marta (Autor)
Médium: Kniha
Jazyk:španělština
Vydáno: Barcelona Ariel 2010
Vydání:4a. ed
Edice:Ariel Educación
Témata:
Tagy: Přidat tag
Žádné tagy, Buďte první, kdo vytvoří štítek k tomuto záznamu!

MARC

LEADER 00000nam a2200000 a 4500
001 UCG6352
003 CL-VaPUC
008 110414e20100600SP |||||||||||||||||spa|d
020 |a 9788434426573 
082 0 4 |a 370.114  |b RUI  |2 21 
100 0 |a Ruiz Corbella, Marta  |e author  |9 556494 
245 1 0 |a Educación moral: aprender a ser, aprender a convivir 
250 |a 4a. ed 
300 |a 198 p 
942 |c BK 
945 |d 20110414 00:00:00  |a jcampos 
260 |a Barcelona  |b Ariel  |c 2010 
650 0 |a Educación moral  |9 308319 
650 0 |a Métodos de enseñanza  |9 270413 
650 0 |a Derechos humanos  |9 223025 
650 0 |a Ética  |9 255099 
583 |a last modification  |c 20110414 00:00:00  |k Rodrigo Vera 
490 0 |a Ariel Educación 
999 |c 344609  |d 344607 
952 |0 0  |1 0  |4 0  |6 370_114000000000000_RUI_2010  |7 0  |8 A  |9 442680  |a BIBEDU  |b BIBEDU  |d 2019-11-22  |i 4767403  |o 370.114 RUI 2010  |p 4767403  |r 2019-11-22  |w 2019-11-22  |y BK  |k EPE